[Event "Mlada Boleslav Region-ch U20"]
[Site "Mlada Boleslav"]
[Date "2014.06.22"]
[Round "6"]
[White "Zemen, Pavel"]
[Black "Bazant, Tomas"]
[Result "0-1"]
[WhiteElo "1091"]
[BlackElo "1265"]
[PlyCount "78"]
[EventDate "2014.06.21"]
[EventType "swiss"]
[EventRounds "7"]
[EventCountry "CZE"]
[SourceTitle "EXT 2016"]
[Source "ChessBase"]
[SourceDate "2015.10.08"]
[SourceVersion "1"]
[SourceVersionDate "2015.10.08"]
[SourceQuality "1"]

1. e4 c5 2. c4 e6 3. Nf3 b6 4. Nc3 Nc6 5. d3 h6 6. Be2 Bb7 7. 0-0 Qc7 8. Bd2 Bd6 9. Qc2 Nf6 10. h3 h5 11. Nb5 Qb8 12. Nxd6+ Qxd6 13. Bc3 Ng4 14. hxg4 hxg4 15. g3 gxf3 16. Bxf3 e5 17. Rad1 Qh6 18. Rfe1 Qh2+ 19. Kf1 0-0-0 20. Ke2 Qh6 21. Bd2 Qd6 22. Be3 Ba6 23. Kd2 Nd4 24. Qc3 Nxf3+ 25. Kc1 Nxe1 26. Rxe1 Bb7 27. f4 Rde8 28. fxe5 Qxe5 29. d4 Qxe4 30. dxc5 Rh1 31. cxb6 Rxe1+ 32. Qxe1 Qxe3+ 33. Qxe3 Rxe3 34. bxa7 Bc6 35. Kd2 Rxg3 36. b4 Kb7 37. b5 Bh1 38. b6 Kxb6 39. a8B Bxa8 0-1

[Event "Mlada Boleslav Region-ch U20"]
[Site "Mlada Boleslav"]
[Date "2014.06.21"]
[Round "4"]
[White "Sulc, Jakub"]
[Black "Bazant, Tomas"]
[Result "1-0"]
[WhiteElo "1322"]
[BlackElo "1265"]
[PlyCount "75"]
[EventDate "2014.06.21"]
[EventType "swiss"]
[EventRounds "7"]
[EventCountry "CZE"]
[SourceTitle "EXT 2016"]
[Source "ChessBase"]
[SourceDate "2015.10.08"]
[SourceVersion "1"]
[SourceVersionDate "2015.10.08"]
[SourceQuality "1"]

1. e4 c5 2. Nf3 Nc6 3. Bb5 Nd4 4. Nxd4 cxd4 5. d3 a6 6. Ba4 b5 7. Bb3 e5 8. f4 Qc7 9. Qh5 d6 10. fxe5 dxe5 11. Nd2 Bb4 12. a3 Ba5 13. 0-0 Nf6 14. Qg5 Kf8 15. Nf3 Nd7 16. Bd5 Ra7 17. Qh5 f6 18. Ng5 Ke7 19. Ne6 Qxc2 20. Nxg7 Rf8 21. Qxh7 Kd6 22. Nf5+ Kc7 23. Bh6 Rd8 24. Rac1 Qxc1 25. Rxc1+ Kb8 26. Nd6 Bc7 27. Nxc8 Kxc8 28. Be6 Rb7 29. Bg7 Kb8 30. Bd5 Ra7 31. Rc6 Nb6 32. Bxf6 Rd7 33. Qg8+ Nc8 34. Bxe5 a5 35. Rb6+ Rb7 36. Rxb7+ Ka8 37. Rxc7+ Kb8 38. Rxd7# 1-0